De la combinatoire aux probabilités : la combinatoire de Cardan à Jacques Bernoulli /

Guardado en:
Detalles Bibliográficos
Autor principal: Raymond, Pierre (autor)
Formato: Libro
Idioma:Francés
Publicado: París, Francia : François Maspero, 1975, c1975
Colección:(Algorithme)
Temas:
Etiquetas: Agrega una etiqueta
Sin etiquetas, Sé el primero en etiquetar este registro!

MARC

LEADER 00000nam^a2200000^a^4500
001 000181802
005 20250521000000.0
009 20260310101946.646
037 |a Acervo ITESO - Biblioteca 
041 |a FRA 
082 |a 510. 1  |b RAY 
100 |a Raymond, Pierre  |e (autor) 
245 1 0 |a De la combinatoire aux probabilités :  |b la combinatoire de Cardan à Jacques Bernoulli /  |c P. Raymond. 
264 4 |a París, Francia :  |b François Maspero,  |c 1975, c1975 
300 |a 173 p. 
336 |a texto  |b txt  |2 rdacontenido 
337 |a sin mediación  |b n  |2 rdamedio 
338 |a volumen  |b nc  |2 rdasoporte 
440 1 |a (Algorithme) 
649 |a XX 
650 |a Matemáticas -  |x Filosofía 
650 |a Probabilidad 
650 |a Causalidad 
650 |a Análisis Combinatorio 
650 |a Cálculo 
650 |a Aritmética 
650 |a Determinismo 
650 |a Epistemología 
650 |a Matemáticas 
910 |a Fondo Armando Suárez Gómez 
920 |a Impresos - Libros 
930 |a Fondos Especiales 
905 |a 111 
901 |a 0700001059  |b IT2  |c ESP  |u 20250521 
902 |a https://opac.biblio.iteso.mx/vufind/Record/000181802